<?xml version="1.0" encoding="UTF-8"?>
<marc:record xmlns:marc="http://www.loc.gov/MARC21/slim">
   <marc:leader>00000nam a2200000 a 4500</marc:leader>
   <marc:datafield ind1="0" ind2="0" tag="245">
      <marc:subfield code="a">Pferde</marc:subfield>
   </marc:datafield>
   <marc:datafield ind1="0" ind2="0" tag="245">
      <marc:subfield code="b">Freunde, Freiheit, Abenteuer</marc:subfield>
   </marc:datafield>
   <marc:datafield ind1=" " ind2="1" tag="264">
      <marc:subfield code="a">Nürnberg</marc:subfield>
      <marc:subfield code="b">Tessloff</marc:subfield>
      <marc:subfield code="c">2024</marc:subfield>
   </marc:datafield>
   <marc:datafield ind1="1" ind2=" " tag="490">
      <marc:subfield code="a">Was ist Was</marc:subfield>
   </marc:datafield>
   <marc:datafield ind1="1" ind2=" " tag="520">
      <marc:subfield code="a">Einst Nutztier, heute Lieblingstier. Mit dem Band erkunden Kinder Lebensräume der Pferde, entdecken eine wilde Konik-Herde, schauen in den glühenden Ofen einer Hufschmiedin und in den Reitstall, wo es nach Heu und Pferden duftet. Was ist ein Wallach? Wo gibt es noch wilde Pferde? Haben Kaltblüter wirklich kaltes Blut? Warum muss man Hufe auskratzen? Wie nehmen Pferde die Welt wahr, was finden sie lecker und wieso braucht jedes Pferd eine Herde? Das neue WAS IST WAS folgt Kinderfragen und beantwortet diese auf Augenhöhe. Ein Leseerlebnis für alle Pferde-Fans mit erstaunlichen Fotos, beeindruckenden Infografiken und unterhaltsamen Elementen wie "Super Fakten" oder "AHA"-Feldern mit viel Wissen, das garantiert im Kopf bleibt.</marc:subfield>
   </marc:datafield>
   <marc:datafield ind1=" " ind2=" " tag="020">
      <marc:subfield code="a">9783788677046</marc:subfield>
      <marc:subfield code="9">9783788677046</marc:subfield>
   </marc:datafield>
   <marc:datafield ind1=" " ind2=" " tag="020">
      <marc:subfield code="a">378867704X</marc:subfield>
      <marc:subfield code="9">378867704X</marc:subfield>
   </marc:datafield>
   <marc:datafield ind1=" " ind2=" " tag="300">
      <marc:subfield code="a">48 S.</marc:subfield>
   </marc:datafield>
</marc:record>
